Berlin/Brandenburg Metropolitan area - Statistics

General Stats
  • This quiz has been taken 41 times
  • The average score is 5 of 18
Answer Stats
Population Answer % Correct
3,517,424 Berlin
100%
161,468 Potsdam
95%
38,283 Königs Wusterhausen
55%
98,359 Cottbus
53%
41,966 Oranienburg
53%
44,280 Falkensee
32%
41,103 Eberswalde
24%
56,679 Frankfurt an der Oder
21%
31,002 Neuruppin
21%
42,054 Bernau bei Berlin
18%
72,461 Brandenburg an der Havel
18%
24,063 Rathenow
13%
33,524 Schwedt
13%
26,658 Hohen Neuendorf
11%
23,657 Wandlitz
5%
23,232 Senftenberg
3%
26,767 Werder (Havel)
3%
21,464 Spremberg
0%
No matching quizzes found
Score Distribution
Percent of People with Each Score
Percentile by Number Answered
Your Score History
You have not taken this quiz